000
00246nam a2200109Ia 4500
008
220204s9999 xx 000 0 und d
082
_a
641.85
_b
WAD
100
_a
Margaret
245
0
_a
Cakes and biscuits
260
_a
London
_b
Hamlyn
942
_c
BK
999
_c
32805
_d
32805